Central Library OPAC University of Rajshahi

Administrative action : (Record no. 55030)

MARC details
000 -LEADER
fixed length control field 00764nam a2200253 a 4500
001 - CONTROL NUMBER
control field 55030
003 - CONTROL NUMBER IDENTIFIER
rucl marc code BD-RjUL
005 - DATE AND TIME OF LATEST TRANSACTION
control field 20211209080215.0
008 - FIXED-LENGTH DATA ELEMENTS--GENERAL INFORMATION
fixed length control field 161113s1963 enk||||| |||| 00| 0 eng d
035 ## - SYSTEM CONTROL NUMBER
System control number (BD-RjUL)55152
040 ## - CATALOGING SOURCE
Original cataloging agency BD-RjUL
Language of cataloging eng
Transcribing agency BD-RjUL
041 ## - LANGUAGE CODE
Language code of text/sound track or separate title eng
082 ## - DEWEY DECIMAL CLASSIFICATION NUMBER
Edition number 23
Classification number 658
Author mark and year NEA 1963
100 1# - MAIN ENTRY--PERSONAL NAME
Personal name Newman, William Herman
9 (RLIN) 164060
245 10 - TITLE STATEMENT
Title Administrative action :
Remainder of title the techniques of organization and management /
Statement of responsibility, etc. William Herman Newman
250 ## - EDITION STATEMENT
Edition statement 2nd ed.
260 ## - PUBLICATION, DISTRIBUTION, ETC. (IMPRINT)
Place of publication, distribution, etc. Englewood Cliffs, N.J. :
Name of publisher, distributor, etc. Prentice-Hall,
Date of publication, distribution, etc. 1963
300 ## - PHYSICAL DESCRIPTION
Pagination ix, 486 p. :
Illustrations ill. ;
Size 22 cm
500 ## - GENERAL NOTE
General note Includes Index
650 ## - SUBJECT ADDED ENTRY--TOPICAL TERM
Topical term or geographic name as entry element Management.
9 (RLIN) 164061
Topical term or geographic name as entry element Organization
9 (RLIN) 164062
Topical term or geographic name as entry element Industrial management
9 (RLIN) 164063
942 ## - ADDED ENTRY ELEMENTS (KOHA)
Source of classification or shelving scheme Dewey Decimal Classification
Koha item type Books
Holdings
Lost status Source of classification or shelving scheme Damaged status Not for loan Collection code Permanent Location Current Location Shelving location Date acquired Source of acquisition Cost, normal purchase price Total Checkouts Full call number Date last seen Copy number Koha item type
  Dewey Decimal Classification     Non-fiction Central Library, University of Rajshahi Central Library, University of Rajshahi   02/11/1965 Zeitlinger 17.00   658 NEA 1963 13/11/2016 C-2 Books
  Dewey Decimal Classification   Not For Loan Non-fiction Central Library, University of Rajshahi Central Library, University of Rajshahi Reading Room 29/10/1995 British council Rajshahi     658 NEA 1969 17/01/2017 C-1 Books
  Dewey Decimal Classification     Rare Books Central Library, University of Rajshahi Central Library, University of Rajshahi   02/06/1964 Zeithlinger 68.00   658 NEA 1963 18/01/2017 C-3 Books
  Dewey Decimal Classification     Non-fiction Central Library, University of Rajshahi Central Library, University of Rajshahi   20/11/1965 Zeitlinger 72.00   658 NEA 1963 14/01/2019 C-4 Books
  Dewey Decimal Classification     Non-fiction Central Library, University of Rajshahi Central Library, University of Rajshahi   02/06/1964 Zeitlinger 68.00   658 NEA 1963 07/02/2019 C-5 Books
  Dewey Decimal Classification     Non-fiction Central Library, University of Rajshahi Central Library, University of Rajshahi   02/06/1964 Zeitlinger 68.00   658 NEA 1963 09/02/2019 C-6 Books